| 000 | 00741nam a22002177a 4500 | ||
|---|---|---|---|
| 999 |
_c12409 _d12409 |
||
| 003 | AR-CdUCM | ||
| 008 | 190408b ||||| |||| 00| 0 spa d | ||
| 020 | _a978-612-46086-0-5 | ||
| 040 |
_aMUNICIPALIDAD PROVINCIAL DEL CUSCO _cBIBLIOTECA MUNICIPAL DEL CUSCO |
||
| 082 |
_aC / 985.611 / _bG24 |
||
| 100 |
_aGarcía Ochoa, José Uriel _926400 |
||
| 245 |
_aLa ciudad de los Incas : _bestudios arqueológicos / |
||
| 260 |
_aCusco : _bEditorial Bartolome de las Casas, _c2011. |
||
| 300 |
_a210 páginas ; _bFotografías, _c23 cm. |
||
| 505 | _aContenido: Época incaica -- Época colonial. | ||
| 650 |
_aCiudad inca _930251 |
||
| 650 |
_aHistoria del Cusco _91714 |
||
| 650 |
_aÉpoca inca _911248 |
||
| 942 |
_2ddc _cLIBROS |
||
| 945 | _adavv | ||